Fundamentos de Administracion financiera/ (Registro nro. 9026)

Detalles MARC
000 -LEADER
fixed length control field 02375nam a2200217Ia 4500
005 - FECHA Y HORA DE LA ÚLTIMA TRANSACCIÓN
control field 20230830111842.0
008 - FIXED-LENGTH DATA ELEMENTS--GENERAL INFORMATION
fixed length control field 230823s9999 xx 000 0 und d
020 ## - INTERNATIONAL STANDARD BOOK NUMBER
International Standard Book Number 9701003519
040 ## - CATALOGING SOURCE
Original cataloging agency UPAN
Transcribing agency Biblioteca San Vicente
Description conventions RCAA2
041 ## - LANGUAGE CODE
Language code of text/sound track or separate title spa
082 ## - DEWEY DECIMAL CLASSIFICATION NUMBER
Classification number 658.15
Item number W534f
año de publicación 1995
100 ## - MAIN ENTRY--PERSONAL NAME
Personal name Weston, Fred J.
Relator code aut.
245 #0 - TITLE STATEMENT
Title Fundamentos de Administracion financiera/
Remainder of title J. Fred Weston
250 ## - EDITION STATEMENT
Edition statement 10ª ed.
260 ## - PUBLICATION, DISTRIBUTION, ETC. (IMPRINT)
Place of publication, distribution, etc Mexico:
Name of publisher, distributor, etc McGraw Hill,
Date of publication, distribution, etc 1995
300 ## - PHYSICAL DESCRIPTION
Extent 1225 p.;
Dimensions 23 cm.
505 ## - FORMATTED CONTENTS NOTE
Formatted contents note Parte I. Introducción a la administración financiera<br/>Capitulo 1. Panorama general de la administración financiera<br/>Capitulo 2. Análisis de estados financieros<br/>Capitulo 3. El medio ambiente financiero: mercados, instituciones, tasas de interés e impuestos<br/>Parte II. Conceptos fundamentos de la administración financiera <br/>Capitulo 4. Riesgo y tasas de rendimiento<br/>Capitulo 5. El valor del dinero a través del tiempo<br/>Capitulo 6. Valuación de acciones y de obligaciones<br/>Parte III. El pronostico financiero, la planeación y el control<br/>Capitulo 7. El pronostico financiero<br/>Capitulo 8. Planeación y control financiero<br/>Parte IV. Administración del capital de trabajo<br/>Capitulo 9. Política de capital de trabajo<br/>Capitulo 10. Administración del efectivo y de los valores negociables<br/>Capitulo 11. Administración del crédito<br/>Capitulo 12. Administración de inventarios<br/>Capitulo 13. Financiamiento a corto plazo<br/>Parte V. Decisiones estratégicas de inversión a largo plazo: El presupuesto de capital<br/>Capitulo 14. Técnicas del presupuesto de capital<br/>Capitulo 15. Flujos de efectivo y riesgo de un proyecto<br/>Parte VI. Costo de capital, apalancamiento y política de dividendos <br/>Capitulo 16. El costo de capital<br/>Capitulo 17. Estructura de capital y apalancamiento<br/>Capitulo 18. Política de dividendos <br/>Parte VII. Decisiones estratégicas de financiamientos a largo plazo<br/>Capitulo 19. Las acciones comunes y el proceso de banca de inversión<br/>Capitulo 20. Deuda a largo plazo<br/>Capitulo 21. Financiamiento intermedio: acciones preferentes, arrendamiento y valores en forma de opciones<br/>Capitulo 22. Fusiones, reorganizaciones, compañías tenedoras y adquisiciones apalancadas (LBOs)<br/>Capitulo 23. Administración financiera internacional
650 ## - SUBJECT ADDED ENTRY--TOPICAL TERM
Source of heading or term LEMB
General subdivision Administración financiera
700 ## - ADDED ENTRY--PERSONAL NAME
Personal name Eugene F. Brigham
Relator code col.
942 ## - ADDED ENTRY ELEMENTS (KOHA)
Koha item type Libros
Source of classification or shelving scheme Dewey Decimal Classification
Existencias
Withdrawn status Lost status Source of classification or shelving scheme Damaged status Not for loan Collection code Home library Current library Date acquired Total Checkouts Full call number Barcode Date last seen Copy number Price effective from Koha item type
    Dewey Decimal Classification     Colección General Biblioteca UPAN San Vicente Biblioteca UPAN San Vicente 23/08/2023   658.15 W534f 12001678 23/08/2023 01 23/08/2023 Libros